000 00210nam a2200097Ia 4500
005 20251222114353.0
008 251222s1900||||xx |||||||||||||| ||spa||
082 _aDVD0111/A41
245 0 _aFantasía:
942 _cDVD
999 _c1308
_d1308